000 00575 a2200205 4500
001 55294
005 20260407155827.0
008 260407a1975 arg spa d
003 AR-UNSa-BCEJYS
040 _aAR-UNSa-BCEJYS
_bspa
_cAR-UNSa-BCEJYS
080 _a330
_xEconomía en general
245 1 0 _aElementos básicos de economía
264 1 _aBuenos Aires :
_bEl Coloquio
_c1975
300 _a3 v. (123 ; 106 ; 108 p.)
_c17 cm.
505 _aTomo I: 1.
041 _aspa
942 _cBK
590 _aniveau_biblio:m niveau_hierar:0
100 1 _aTow, Fernando Víctor
999 _c5908
_d5908